000 00458nam a2200181Ia 4500
005 20250623123955.0
008 008 250516s9999 xx 000 0 eng d
020 _a9788197785283
040 _beng
_cSDCL
041 _aeng
_2eng
084 _aLB R4
100 _aMishra, Bhujendra
_9734938
245 0 _aAyurveda Life of Balance
260 _aNew Delhi :
_bCyber Tech Pubns,
_c2024.
300 _a232p.
650 _aSanskrit
942 _cTEXL
_2CC
999 _c1430113
_d1430113